01145nam a22002177a 4500999001500000003000900015008004100024040007100065082001800136100002400154245021400178260004400392300003100436505020300467650004700670650005100717650003600768942001600804945000900820952009800829 c4092d4092AR-CdUCM190307b ||||| |||| 00| 0 spa d aMUNICIPALIDAD PROVINCIAL DEL CUSCOcBIBLIOTECA MUNICIPAL DEL CUSCO a375.05 /bM35 aMeche Pilco, Hilda  a"estrategias motivacionales para desarrollar el pensamiento matemático creativo en los alumnos del primer grado de educación secundaria de la institución educativa de Huayllaccocha de Anta Cusco, 2009" / aCusco : bSonny graff E.I.R.L., c2013. a101 páginas ; c29.5 cm. aContenido: Análisis del proceso de enseñanza aprendizaje en la institución educativa de Huayllaccocha -- Estrategias motivacionales para el desarrollo del pensamiento matemático creativo ... aEnseñanza - Matemáticas - Cusco912977 aProcesos de enseñanza - Huayllaccocha912978 aPensamiento matemático912979 2ddccLIBROS alccs 002ddc4070aSHbSHcCARTd2019-03-07g30.00o375.05 / M35pSH0000004129r2019-03-07yLIBROS